| 000 | 01039cam a2200241 4500 | ||
|---|---|---|---|
| 001 | ABS68391 | ||
| 008 | 041025n2004 000 0 eng u | ||
| 035 | _a(Sirsi) u127815 | ||
| 100 | _aSydenham, A. | ||
| 245 | 4 | _aThe Countryside Code - cold comfort for farmers | |
| 260 | _c2004 | ||
| 490 |
_aFarm Tax Brief _v19(8) October 2004, 7-8(2) |
||
| 520 | _aDescribes how land managers feel now that the new Countryside Code has imposed more liabilities on the landowners than on the walkers. Illustrates this point using the case "Wilson v Donaldson" ([2004] EWCA Civ 972, unreported) where a farmer, Mr Wilson, was held by the CA to be liable to Mr Donaldson for injuries caused by Mr Wilson's cattle straying onto a B road, following walkers leaving a gate open into poorly maintained adjoining land. | ||
| 590 | _aABS | ||
| 590 | _aABS | ||
| 650 | _aCOUNTRYSIDE CODE | ||
| 650 | _aWILSON V DONALDSON | ||
| 650 | _aLIABILITIES | ||
| 650 | _aLANDOWNERS | ||
| 650 | _aDUTY OF CARE | ||
| 690 | _aRURAL-CASE LAW | ||
| 942 | _n0 | ||
| 999 |
_c118218 _d118218 |
||